<?xml version="1.0" encoding="UTF-8"?>
<record
    xmlns:xsi="http://www.w3.org/2001/XMLSchema-instance"
    xsi:schemaLocation="http://www.loc.gov/MARC21/slim http://www.loc.gov/standards/marcxml/schema/MARC21slim.xsd"
    xmlns="http://www.loc.gov/MARC21/slim">

  <leader>00858nam a2200265   4500</leader>
  <controlfield tag="001">35180</controlfield>
  <datafield tag="010" ind1=" " ind2=" ">
    <subfield code="a">9789892305905</subfield>
  </datafield>
  <datafield tag="021" ind1=" " ind2=" ">
    <subfield code="a">PT</subfield>
  </datafield>
  <datafield tag="090" ind1=" " ind2=" ">
    <subfield code="a">35180</subfield>
  </datafield>
  <datafield tag="100" ind1=" " ind2=" ">
    <subfield code="a">20221012              frey50       </subfield>
  </datafield>
  <datafield tag="101" ind1="1" ind2=" ">
    <subfield code="a">por</subfield>
  </datafield>
  <datafield tag="102" ind1=" " ind2=" ">
    <subfield code="a">PT</subfield>
  </datafield>
  <datafield tag="200" ind1="1" ind2=" ">
    <subfield code="a">O fil&#xF3;sofo e o lobo</subfield>
    <subfield code="e">o que a selva nos pode ensinar sobre o amor, a morte e a felicidade</subfield>
    <subfield code="d">The philosopher and the wolf</subfield>
    <subfield code="e">lessons from the wild on love, death and happiness</subfield>
    <subfield code="f">Mark Rowlands</subfield>
    <subfield code="g">trad. do ingl&#xEA;s por Ros&#xE1;rio Nunes</subfield>
  </datafield>
  <datafield tag="205" ind1=" " ind2=" ">
    <subfield code="a">5.&#xAA;ed</subfield>
  </datafield>
  <datafield tag="210" ind1=" " ind2=" ">
    <subfield code="a">Alfragide</subfield>
    <subfield code="c">Lua de papel,</subfield>
    <subfield code="d">2013</subfield>
  </datafield>
  <datafield tag="215" ind1=" " ind2=" ">
    <subfield code="a">230, [2] p</subfield>
  </datafield>
  <datafield tag="225" ind1="2" ind2=" ">
    <subfield code="a">Ci&#xEA;ncias humanas e sociais.</subfield>
    <subfield code="i">Filosofia</subfield>
  </datafield>
  <datafield tag="606" ind1=" " ind2=" ">
    <subfield code="a">Rela&#xE7;&#xF5;es homem-animal</subfield>
  </datafield>
  <datafield tag="606" ind1=" " ind2=" ">
    <subfield code="a">Antropologia filos&#xF3;fica</subfield>
  </datafield>
  <datafield tag="606" ind1=" " ind2=" ">
    <subfield code="a">Humanismo</subfield>
  </datafield>
  <datafield tag="700" ind1=" " ind2="1">
    <subfield code="a">Rowlands,</subfield>
    <subfield code="b">Mark,</subfield>
    <subfield code="f">1962-</subfield>
  </datafield>
  <datafield tag="702" ind1=" " ind2="1">
    <subfield code="a">Nunes,</subfield>
    <subfield code="b">Ros&#xE1;rio</subfield>
    <subfield code="4">730</subfield>
  </datafield>
  <datafield tag="801" ind1=" " ind2="0">
    <subfield code="a">PT</subfield>
    <subfield code="b">RMBL</subfield>
    <subfield code="g">RPC</subfield>
  </datafield>
  <datafield tag="990" ind1=" " ind2=" ">
    <subfield code="c">LIVROS</subfield>
  </datafield>
  <datafield tag="994" ind1=" " ind2=" ">
    <subfield code="a">COMP</subfield>
  </datafield>
  <datafield tag="995" ind1=" " ind2=" ">
    <subfield code="0">0</subfield>
    <subfield code="1">0</subfield>
    <subfield code="9">48884</subfield>
    <subfield code="b">EBSIS</subfield>
    <subfield code="d">EBSIS</subfield>
    <subfield code="f">7014</subfield>
    <subfield code="k">13 ROW</subfield>
    <subfield code="o">0</subfield>
    <subfield code="r">LIVROS</subfield>
    <subfield code="s"></subfield>
  </datafield>
</record>
